[Event "TCh-FIN 00-01"]
[Site "FIN"]
[Date "2001.03.10"]
[Round "8"]
[White "Penttinen,J"]
[Black "Salmensuu,O"]
[Result "1/2-1/2"]
[WhiteElo "2365"]
[BlackElo "2434"]

1.e4 e6 2.d4 d5 3.Nc3 Nf6 4.e5 Nfd7 5.Nce2 c5 6.c3 Qa5 7.f4 cxd4 8.Nxd4 Nc6
9.Ngf3 Nxd4 10.Nxd4 Nb8 11.Be3 Nc6 12.Qd2 Bd7 13.Bd3 Be7 14.O-O O-O 15.Qe2 a6
16.Rf3 g6 17.Rh3 Nxd4 18.Bxd4 Bc5 19.Qe3 Bxd4 20.cxd4 f5 21.exf6 Rxf6 22.Rf3 Raf8
23.a3 Bb5 24.Bxb5 Qxb5 25.b4 Qd7 26.Rff1 Rc8 27.Rac1 Rc4 28.Rfe1 Qc7 29.g3 Qb6
30.Rxc4 dxc4 31.Qe5 Qd8 32.a4 Kg7 33.Rc1 b5 34.axb5 axb5 35.Ra1 Qd7 36.g4 Kf7
37.Qc5 Qd5 38.Ra7+ Kg8 39.Qe7 Qxd4+ 40.Kg2 Qe4+ 41.Kg1 Qe3+ 42.Kg2 Qd2+ 43.Kh3 Qe3+
44.Kg2 Qe2+ 45.Kg3 Qe1+ 46.Kg2 Qd2+ 47.Kh3 Qe3+ 48.Kg2 Qe4+ 49.Kg1 Qe1+ 50.Kg2 Qe2+
51.Kg3 Qe3+ 52.Kg2 Qd2+  1/2-1/2

[Event "KPMG Weekender"]
[Site "Zwolle NED"]
[Date "2001.03.10"]
[Round "2"]
[White "Hendriks,R"]
[Black "Yu Shaoteng"]
[Result "0-1"]
[WhiteElo "2102"]
[BlackElo "2493"]

1.e4 e6 2.d4 d5 3.Nc3 Nf6 4.e5 Nfd7 5.Nce2 c5 6.c3 cxd4 7.cxd4 f6 8.Nf3 Bb4+
9.Bd2 Qb6 10.Bxb4 Qxb4+ 11.Qd2 Qxd2+ 12.Kxd2 Ke7 13.exf6+ gxf6 14.Re1 Nb6
15.Nf4 Bd7 16.b3 Kd6 17.a4 Nc6 18.Bb5 Rae8 19.Bxc6 Bxc6 20.Re3 e5 21.Nh5 e4
22.Nh4 Bd7 23.f4 Ref8 24.Rc1 Nc8 25.f5 Ne7 26.g4 Nc6 27.Kc3 a5 28.Rd1 Nb4
29.Kd2 Rc8 30.h3 Rc2+ 31.Ke1 Rh2 32.Kf1 Ke7 33.Ng3 Rxh3 34.Ng2 Rc8 35.Kf2 Nc2
36.Re2 Rc3 37.Nf1 Nb4 38.Kg1 Rxb3 39.Rc1 Nd3 40.Rc7 Kd6 41.Rec2 Rb1  0-1

[Event "FSIMA March"]
[Site "Budapest HUN"]
[Date "2001.03.13"]
[Round "10"]
[White "Tian Tian"]
[Black "Jurkovic,A"]
[Result "0-1"]
[WhiteElo "2224"]
[BlackElo "2349"]

1.e4 e6 2.d4 d5 3.Nc3 Nf6 4.e5 Nfd7 5.Nce2 c5 6.c3 Nc6 7.f4 Qb6 8.Nf3 f6
9.a3 Be7 10.h4 O-O 11.Rh3 Rf7 12.Rb1 cxd4 13.exf6 Nxf6 14.Ng5 Rf8 15.Nxd4 Bc5
16.Be3 e5 17.fxe5 Nxe5 18.b4 Bxd4 19.Bxd4 Qc7 20.Re3 Neg4 21.Rf3 h6 22.Nh3 Bd7
23.Bd3 Rae8+ 24.Kd2 Ne5 25.Bxe5 Rxe5 26.Nf2 Rfe8 27.Rxf6 gxf6 28.Qf3 f5 29.g4 fxg4
30.Nxg4 Bxg4 31.Qxg4+ Qg7 32.Rg1 Qxg4 33.Rxg4+ Kf8 34.Bg6 R8e6 35.h5 Ke7
36.Kd3 Rg5 37.Rf4 Rf6 38.Rh4 Kd6 39.Kd4 Rg3 40.c4 dxc4 41.Kxc4 Rxa3 42.Rd4+ Kc7
43.Re4 Rd6 44.Re7+ Rd7 45.Re6 a6 46.b5 Ra4+ 47.Kb3 axb5 48.Re5 Ra5 49.Be4 Kd6
50.Rd5+ Ke6 51.Rc5 b6 52.Rc6+ Rd6 53.Rc8 Ra4 54.Bh7 Ke5 55.Bg6 Rf6 56.Rc3 Kd4
57.Rd3+ Kc5 58.Re3 Rd4 59.Rc3+ Rc4 60.Re3 Rb4+ 61.Kc3 Rd4 62.Kb3 b4 63.Bh7 Rfd6
64.Bg6 b5 65.Re8 Rc4 66.Rc8+ Rc6 67.Rd8 Rc3+ 68.Kb2 Rg3 69.Rf8 b3 70.Rf4 Rd6
71.Rf2 Rd4 72.Be8 Kb4 73.Bg6 Rdg4  0-1

[Event "Open"]
[Site "Bled SLO"]
[Date "2001.03.26"]
[Round "3"]
[White "Piber,Vink"]
[Black "Dobrotka,M"]
[Result "0-1"]
[WhiteElo "2020"]
[BlackElo "2183"]

1.e4 e6 2.d4 d5 3.Nc3 Nf6 4.e5 Nfd7 5.f4 c5 6.Nf3 Nc6 7.Be3 f5 8.Ng5 Ndb8
9.Nf3 cxd4 10.Nxd4 Nxd4 11.Bxd4 Nc6 12.Be2 Qa5 13.Bb5 Bd7 14.a3 Nxd4 15.Bxd7+ Kxd7
16.Qxd4 Rc8 17.Kd2 Rc4 18.Qd3 Rxf4 19.b4 Qa6 20.Qxa6 bxa6 21.Kd3 Rg4 22.g3 h5
23.Ne2 h4 24.c3 g5 25.Rag1 h3 26.Nd4 Re4 27.Re1 Bg7 28.Nf3 g4 29.Ng5 Rxe1
30.Rxe1 Ke7 31.c4 dxc4+ 32.Kxc4 Bh6  0-1

[Event "Osteropen"]
[Site "Essen-Borbeck GER"]
[Date "2001.04.12"]
[Round "3"]
[White "Brustman,A"]
[Black "Busch,J"]
[Result "1-0"]
[WhiteElo "2347"]
[BlackElo "2125"]

1.e4 e6 2.d4 d5 3.Nc3 Nf6 4.e5 Nfd7 5.f4 c5 6.Nf3 Nc6 7.Be3 cxd4 8.Nxd4 Bc5
9.Qd2 Bxd4 10.Bxd4 Nxd4 11.Qxd4 a6 12.O-O-O b5 13.Kb1 Qb6 14.Qd2 Bb7 15.Ne4 O-O
16.Ng5 h6 17.Nf3 Rac8 18.Bd3 Nc5 19.Qe3 Qc7 20.Nd4 b4 21.g4 a5 22.f5 Nxd3
23.Rxd3 exf5 24.gxf5 Kh7 25.Rd2 Rce8 26.Re1 Ba6 27.Rg2 Rg8 28.Rg4 Bc8 29.Rh4 Qe7
30.f6 Qf8 31.Qd3+ Kh8 32.Qd2 g5 33.e6 Bxe6 34.Rh5 Rg6 35.Rg1 Kg8 36.h4 g4
37.Qf4 Kh7 38.Re5 Qc5 39.h5 Rxf6 40.Qxf6 Qxd4 41.Rf1 Qa7 42.Qf4 Rg8 43.Qd2 Qc7
44.Rf6 Rg7 45.Qxh6+ Kg8 46.Rg5 Rxg5 47.Qxg5+ Kf8 48.h6 Qh2 49.Rf1 g3 50.Qd8+  1-0

[Event "Open"]
[Site "Metz FRA"]
[Date "2001.04.13"]
[Round "7"]
[White "Laurent,B"]
[Black "Deiller,P"]
[Result "1-0"]
[WhiteElo "2231"]
[BlackElo "2077"]

1.e4 e6 2.d4 d5 3.Nc3 Nf6 4.e5 Nfd7 5.f4 c5 6.Nf3 Nc6 7.Be3 cxd4 8.Nxd4 Bc5
9.Qd2 a6 10.Be2 O-O 11.O-O-O Bxd4 12.Bxd4 b5 13.Bf3 Qa5 14.Kb1 b4 15.Ne2 Nb6
16.b3 Nxd4 17.Nxd4 Qc5 18.g4 a5 19.f5 Qc7 20.Rhe1 Qe7 21.f6 gxf6 22.Nc6 Qc5
23.exf6 Kh8 24.Ne7 Bd7 25.Qh6 Rg8 26.Re5  1-0

[Event "Solett Open"]
[Site "Skelleftea SWE"]
[Date "2001.04.13"]
[Round "5"]
[White "Berg,E"]
[Black "Kiriakov,P"]
[Result "1/2-1/2"]
[WhiteElo "2474"]
[BlackElo "2546"]

1.e4 e6 2.d4 d5 3.Nc3 Nf6 4.e5 Nfd7 5.f4 c5 6.Nf3 a6 7.Be3 Qb6 8.Na4 Qa5+
9.c3 cxd4 10.b4 Qc7 11.Bxd4 Nc6 12.Qd2 b5 13.Nb2 Nxd4 14.Nxd4 Bb7 15.Bd3 Rc8
16.Nd1 g5 17.g3 h5 18.h4 gxf4 19.gxf4 Be7 20.Qh2 Rg8 21.Be2 Qb6 22.Qf2 Rh8
23.a4 bxa4 24.Rxa4 Nf8 25.f5 exf5 26.Nxf5 Qxf2+ 27.Kxf2 d4 28.Rh3 dxc3 29.Rxc3 Rxc3
30.Nxc3 Ng6 31.Bxa6 Bxa6 32.Rxa6 Bxb4 33.Nd5 Kd7 34.Nf6+ Kc8 35.Nd6+ Bxd6
36.exd6 Kb7 37.Ra4 Kc6 38.Ra6+ Kb7 39.d7 Rd8 40.Ra4 Ne5 41.Rd4 Kc7 42.Ne8+ Kc6
43.Nf6 Nxd7 44.Kg3 Kc7 45.Nxh5 Ne5 46.Rxd8 Kxd8 47.Nf4 Ke7  1/2-1/2

[Event "Osteropen"]
[Site "Essen-Borbeck GER"]
[Date "2001.04.14"]
[Round "5"]
[White "Kuczynski,R"]
[Black "Braslavskij,A"]
[Result "1-0"]
[WhiteElo "2509"]
[BlackElo "2232"]

1.e4 e6 2.d4 d5 3.Nc3 Nf6 4.e5 Nfd7 5.Nce2 c5 6.f4 Nc6 7.Nf3 Qb6 8.c3 Be7
9.g3 O-O 10.Bh3 cxd4 11.cxd4 Re8 12.O-O Nf8 13.Rf2 Bd7 14.Nc3 Bb4 15.Na4 Qd8
16.a3 Be7 17.Nc3 f6 18.b4 a5 19.b5 Na7 20.Bf1 Nc8 21.Na4 Nb6 22.Nc5 Nc4 23.a4 Qc7
24.exf6 Bxf6 25.Ne5 b6 26.Ncxd7 Nxd7 27.Rc2 Ndxe5 28.fxe5 Be7 29.Bd3 Bf8
30.Qh5 g6 31.Qg4 Qd7 32.h4 Re7 33.h5 Qe8 34.Rh2 Rg7 35.hxg6 hxg6 36.Qh4  1-0

[Event "Osteropen"]
[Site "Essen-Borbeck GER"]
[Date "2001.04.14"]
[Round "6"]
[White "Koenig,C"]
[Black "Frohne,G"]
[Result "1-0"]
[WhiteElo "2168"]
[BlackElo "2251"]

1.e4 e6 2.d4 d5 3.Nc3 Nf6 4.e5 Nfd7 5.f4 c5 6.Nf3 Nc6 7.Be3 cxd4 8.Nxd4 Bc5
9.Qd2 O-O 10.O-O-O a6 11.Nce2 Na5 12.Ng3 b5 13.b3 Qc7 14.Bd3 Ba3+ 15.Kb1 Rb8
16.Qe1 Nc4 17.Bc1 Bc5 18.Nf3 a5 19.Nh5 f5 20.Bxc4 bxc4 21.Qg3 g6 22.Ng5 Nb6
23.Nf6+ Kg7 24.Ngxh7 Rh8 25.h4 cxb3 26.cxb3 Kf7 27.h5 gxh5 28.Rxh5 Ba6 29.Rh6 Bf8
30.Qg6+ Ke7 31.Ba3+ Kd8 32.Qe8+  1-0

[Event "Osteropen"]
[Site "Essen-Borbeck GER"]
[Date "2001.04.15"]
[Round "7"]
[White "Brustman,A"]
[Black "Heidel,N"]
[Result "1-0"]
[WhiteElo "2347"]
[BlackElo "2118"]

1.e4 e6 2.d4 d5 3.Nc3 Nf6 4.e5 Nfd7 5.Nce2 c5 6.f4 cxd4 7.Nxd4 Nc6 8.c3 Qb6
9.Ngf3 Nxd4 10.cxd4 Nb8 11.Be2 Bd7 12.O-O g6 13.Qc2 Nc6 14.Be3 Rc8 15.Qb1 Be7
16.Bf2 Kf8 17.Rc1 Kg7 18.Kh1 Na5 19.b3 Bb5 20.Qb2 Bxe2 21.Qxe2 Ba3 22.Rxc8 Rxc8
23.f5 exf5 24.Bh4 Qc6 25.h3 Bc1 26.b4 Qc3 27.e6 Qxa1 28.Qe5+ Kh6 29.Kh2 Nc4
30.Qg3 fxe6 31.Bf6 g5 32.Bxg5+ Kg7 33.Bxc1+ Kf7 34.Bh6 Rg8 35.Qc7+ Kf6 36.Bg5+ Rxg5
37.Qd8+ Kg6 38.Qg8+ Kf6 39.Qf8+ Kg6 40.Qg8+ Kf6 41.Qxg5+ Kf7 42.Qh6 Ke7 43.Qg7+ Kd6
44.Qf8+ Kd7 45.Qf7+ Kd6 46.Qxb7 Qxa2 47.Qb8+ Kd7 48.Qb7+ Kd6 49.Ng5 e5 50.Qb8+ Kd7
51.dxe5 Qa6 52.e6+ Ke7 53.Qc7+ Kf6 54.Qd8+ Kg6 55.e7 Nd6 56.Qg8+ Kf6 57.Qe6+  1-0

[Event "Osteropen"]
[Site "Essen-Borbeck GER"]
[Date "2001.04.15"]
[Round "8"]
[White "Kuczynski,R"]
[Black "Zaragatski,I"]
[Result "1/2-1/2"]
[WhiteElo "2509"]
[BlackElo "2209"]

1.e4 e6 2.d4 d5 3.Nc3 Nf6 4.e5 Nfd7 5.Nce2 c5 6.c3 Nc6 7.f4 Qb6 8.Nf3 f6
9.a3 Be7 10.h4 O-O 11.Rh3 a5 12.b3 Qc7 13.Neg1 a4 14.b4 cxd4 15.cxd4 f5 16.Bb2 Nb6
17.Ng5 Bxg5 18.hxg5 Qf7 19.Rc1 Bd7 20.Rcc3 g6 21.Rh6 Rac8 22.Rc5 Na7 23.Ra5 Ra8
24.Rc5 Rac8 25.Ra5 Ra8 26.Rc5 Rac8  1/2-1/2

[Event "Open"]
[Site "Metz FRA"]
[Date "2001.04.15"]
[Round "9"]
[White "Gallagher,Jo"]
[Black "Deiller,P"]
[Result "1-0"]
[WhiteElo "2524"]
[BlackElo "2077"]

1.e4 e6 2.d4 d5 3.Nc3 Nf6 4.e5 Nfd7 5.f4 c5 6.Nf3 Nc6 7.Be3 cxd4 8.Nxd4 Bc5
9.Qd2 a6 10.O-O-O O-O 11.h4 Bxd4 12.Bxd4 b5 13.Rh3 b4 14.Na4 Qa5 15.b3 Bb7
16.Bf2 Rac8 17.Kb1 Kh8 18.h5 Qc7 19.Bd3 a5 20.Qe2 Ne7 21.g4 Bc6 22.Nc5 Nxc5
23.Bxc5 Bb5 24.Bd6 Bxd3 25.Rhxd3 Qb7 26.f5 exf5 27.gxf5 Rfe8 28.Qg4 Qd7 29.Bxe7 Qxe7
30.Rxd5 Qc7 31.Qe4 Rcd8 32.h6 gxh6 33.Qh4 Rxd5 34.Rxd5 Qc6 35.Rd6 Qc5 36.Qf6+ Kg8
37.Rd1 Qxe5 38.Rg1+ Kf8 39.Qxh6+ Ke7 40.Qh4+ Kd7 41.Rd1+ Kc8 42.Qc4+ Qc7
43.Qa6+ Qb7 44.Qxa5 Qe7 45.f6 Qe4 46.Qc5+ Kb8 47.Qb6+ Kc8 48.a3 bxa3 49.Qc5+ Kb8
50.Rd7  1-0

[Event "Classics IMB"]
[Site "Gausdal NOR"]
[Date "2001.04.17"]
[Round "3"]
[White "Adnoy,H"]
[Black "Wikstrom,P"]
[Result "1-0"]
[WhiteElo "2185"]
[BlackElo "2244"]

1.e4 e6 2.d4 d5 3.Nc3 Nf6 4.e5 Nfd7 5.f4 c5 6.Nf3 Nc6 7.Be3 cxd4 8.Nxd4 Bc5
9.Qd2 g5 10.f5 Ndxe5 11.fxe6 fxe6 12.Nxc6 Bxe3 13.Qxe3 Nxc6 14.O-O-O Qe7
15.Be2 h5 16.Qh3 g4 17.Qg3 Qg5+ 18.Kb1 Bd7 19.Nb5 O-O 20.h3 h4 21.Qd6 Ne5
22.Rhe1 Rad8 23.Nd4 Bc8 24.Qc7 Rf7 25.Qc3 Bd7 26.Bxg4 Nxg4 27.hxg4 Qxg4 28.Nf3 Rc8
29.Qe3 Qf4 30.Qxa7 Ba4 31.b3 b5 32.Qf2 Rfc7 33.Re2 Qb4 34.Rd4 Rc4 35.Rxe6 Qc3
36.Rg4+ Rxg4 37.Ne5 Rg7 38.Nd7 Rf8 39.Qxf8+ Kh7 40.Qf5+ Kg8 41.Re8+  1-0

[Event "Open"]
[Site "Dubai UAE"]
[Date "2001.04.20"]
[Round "6"]
[White "Shetty,R"]
[Black "Vakhidov,T"]
[Result "1/2-1/2"]
[WhiteElo "2318"]
[BlackElo "2468"]

1.e4 e6 2.d4 d5 3.Nc3 Nf6 4.e5 Nfd7 5.f4 c5 6.Nce2 cxd4 7.Nxd4 Nc6 8.Ngf3 Be7
9.c3 Nc5 10.Be3 a6 11.Be2 Bd7 12.O-O O-O 13.Rc1 Rc8 14.Nxc6 Bxc6 15.Nd4 Bd7
16.Bf3 b5 17.Qe2 Qc7 18.Bf2 Rce8 19.Bg3 Qb6 20.Bf2 Qc7 21.b3 Kh8 22.c4 dxc4
23.bxc4 b4 24.Qd2 Rb8 25.Nb3 Ba4 26.Nxc5 Bxc5 27.Bxc5 Qxc5+ 28.Qf2 Rfc8 29.Rfe1 a5
30.Re4 b3 31.axb3 Bxb3 32.Rd4 Rc7 33.Bd1 a4 34.Bxb3 axb3 35.Rcd1 h6 36.h3 b2
37.Rb1 Qa7 38.Kh2 Qa2 39.Qc2 g6 40.g3 Kg7 41.h4 Rb4 42.Rd2 Rcxc4 43.Rxb2 Qa3
44.Qb1 Qc3 45.Qc2 Qxc2 46.Rdxc2 Rxc2+ 47.Rxc2 g5 48.hxg5 hxg5 49.Rf2  1/2-1/2

[Event "Classics IMB"]
[Site "Gausdal NOR"]
[Date "2001.04.20"]
[Round "7"]
[White "Gabrielsen,S"]
[Black "Leer Salvesen,B"]
[Result "0-1"]
[WhiteElo "2286"]
[BlackElo "2306"]

1.e4 e6 2.d4 d5 3.Nc3 Nf6 4.e5 Nfd7 5.f4 c5 6.Nf3 Nc6 7.Be3 cxd4 8.Nxd4 Bc5
9.Qd2 O-O 10.O-O-O a6 11.Kb1 Bxd4 12.Bxd4 b5 13.Be2 Bb7 14.Bf3 b4 15.Ne2 a5
16.h4 Qe7 17.h5 a4 18.Bf2 b3 19.cxb3 axb3 20.axb3 Nb4 21.Be1 Nc6 22.Qe3 Ra7
23.Bc3 Rfa8 24.Kc2 Ra2 25.Nd4 Qa3 26.Rb1 Nxd4+ 27.Qxd4 Nc5 28.Qb4 Qa7 29.Bd4 Rc8
30.Kd1 Ra1 31.Kd2 Nxb3+ 32.Ke3 Nxd4 33.Qxd4 Ra3+ 34.bxa3 Rc3+  0-1

[Event "4th Open"]
[Site "Tanta City EGY"]
[Date "2001.04.21"]
[Round "4"]
[White "Tissir,M"]
[Black "Komarov,D"]
[Result "1/2-1/2"]
[WhiteElo "2352"]
[BlackElo "2539"]

1.e4 e6 2.d4 d5 3.Nc3 Nf6 4.e5 Nfd7 5.f4 c5 6.Nf3 Nc6 7.Be3 a6 8.Qd2 b5 9.dxc5 Bxc5
10.Bxc5 Nxc5 11.Qf2 Qb6 12.b4 Nd7 13.Rb1 Qxf2+ 14.Kxf2 Nb6 15.Bd3 Bd7  1/2-1/2

[Event "Zone 3.2a"]
[Site "Manila PHI"]
[Date "2001.04.25"]
[Round "2"]
[White "Antonio,R"]
[Black "Sayson,A"]
[Result "1-0"]
[WhiteElo "2548"]
[BlackElo "2345"]

1.e4 e6 2.d4 d5 3.Nc3 Nf6 4.e5 Nfd7 5.f4 c5 6.Nf3 Nc6 7.Be3 a6 8.h4 b5 9.Ne2 Qa5+
10.Kf2 Bb7 11.c3 cxd4 12.cxd4 Rc8 13.a3 Qb6 14.Ng3 Na5 15.b3 b4 16.a4 Rc3
17.Rb1 f5 18.h5 Be7 19.Bd3 O-O 20.Ne2 Rcc8 21.Qg1 Nc4 22.g4 Nxe3 23.Kxe3 a5
24.gxf5 exf5 25.Qg2 Rf7 26.Rbc1 Nf8 27.Ng3 Qe6 28.Ne2 Qb6 29.Ng3 Qe6 30.Rxc8 Bxc8
31.Rc1 Bd7 32.Ne2 Qh6 33.Ng5 Bxg5 34.Qxg5 Qb6 35.Qg2 Be6 36.Ng3 Qd8 37.Rg1 Qc8
38.Ne2 Rc7 39.Qg5 Kh8 40.h6 g6 41.Rc1 Kg8 42.Qf6 Qb8 43.Rc5 Rf7 44.Qh4 Qb6
45.Bb5 Qb8 46.Nc1 Bd7 47.Bxd7 Nxd7 48.Rc6 Qe8 49.Rd6 Qc8 50.Nd3 Nf8 51.Qd8 Rc7
52.Qxc8 Rxc8 53.Nc5  1-0

[Event "Zone 3.2a"]
[Site "Manila PHI"]
[Date "2001.04.27"]
[Round "6"]
[White "Kosasih,C"]
[Black "Garma,C"]
[Result "0-1"]
[WhiteElo "2420"]
[BlackElo "2400"]

1.e4 e6 2.d4 d5 3.Nc3 Nf6 4.e5 Nfd7 5.f4 c5 6.Nf3 Nc6 7.Be3 a6 8.Be2 b5 9.O-O Qb6
10.Nb1 cxd4 11.Nxd4 Bc5 12.c3 b4 13.Kh1 bxc3 14.bxc3 Qb2 15.Qb3 Rb8 16.Qxb2 Rxb2
17.Bd1 Na5 18.Nd2 Bxd4 19.cxd4 Nc4 20.Nxc4 dxc4 21.Bc1 Rb5 22.a4 Rb8 23.Ba3 Bb7
24.Bd6 Rc8 25.a5 Be4 26.Rc1 f5 27.Be2 Bd5 28.Rc3 Kf7 29.Rfc1 Rc6 30.Bxc4 Rhc8
31.Bc5 Bxc4 32.Rxc4 Nxc5 33.Rxc5 Rxc5 34.dxc5 Ke7 35.Kg1 Kd7 36.Kf2 Kc6 37.Rb1 Kd5
38.Rb6 Rc6 39.Ke3 h6 40.Kd3 g5 41.g3 g4 42.Rb7 Kxc5 43.Kc3 h5 44.Kb3 Rc8
45.Rb6 Rc6 46.Rb8 Rc7 47.Ka4 Rc6 48.Rh8 Kd5 49.Rxh5 Rc4+ 50.Kb3 Rc5 51.Rh8 Rb5+
52.Ka4 Rb2 53.Rd8+ Kc4 54.Rc8+ Kd5 55.Ra8 Ra2+ 56.Kb4 Rb2+ 57.Ka3 Rxh2 58.Rxa6 Rg2
59.Rd6+ Ke4 60.Rxe6 Rxg3+ 61.Kb4 Rg1 62.a6 Kxf4 63.Re8 Ra1 64.Kb5 g3 65.e6 g2
66.Rg8 g1=Q 67.Rxg1 Rxg1 68.e7 Rg8  0-1

[Event "ch-URU"]
[Site "Montevideo URU"]
[Date "2001.04.27"]
[Round "7"]
[White "Escofet,J"]
[Black "Riverol,J"]
[Result "1/2-1/2"]
[WhiteElo "2224"]
[BlackElo "2284"]

1.e4 e6 2.d4 d5 3.Nc3 Nf6 4.e5 Nfd7 5.f4 c5 6.Nf3 Nc6 7.Be3 a6 8.Qd2 b5 9.dxc5 Bxc5
10.Ne2 Qb6 11.Bxc5 Nxc5 12.Ned4 Ne4 13.Qe3 b4 14.Bd3 Bb7  1/2-1/2

[Event "XXXVI Capablanca Mem Premier II"]
[Site "Havana CUB"]
[Date "2001.05.08"]
[Round "4"]
[White "Otero,D"]
[Black "Garcia,Os"]
[Result "1-0"]
[WhiteElo "2416"]
[BlackElo "2300"]

1.e4 e6 2.d4 d5 3.Nc3 Nf6 4.e5 Nfd7 5.f4 c5 6.Nf3 Nc6 7.Ne2 Be7 8.c3 f5 9.a3 c4
10.Be3 b5 11.h3 g6 12.g4 Na5 13.Ng5 Nf8 14.gxf5 exf5 15.h4 Nb3 16.Rb1 h6
17.Nf3 Be6 18.Ng3 Rg8 19.Qc2 Qd7 20.Bh3 O-O-O 21.h5 g5 22.Bxf5 gxf4 23.Bxf4 Bxf5
24.Nxf5 Ne6 25.Bxh6 Rh8 26.Be3 Rdf8 27.Nxe7+ Qxe7 28.Ke2 Qf7 29.Rbf1 Nf4+
30.Bxf4 Qxf4 31.Rh4 Qg3 32.Qg6 Nc1+ 33.Kd1 Qxh4 34.Qc6+ Kb8 35.Qxb5+ Kc7
36.Qc5+ Kb8 37.Qd6+ Kc8 38.Nxh4 Rxf1+ 39.Kd2 Rhf8 40.Qc5+ Kb8 41.Qb5+ Kc7
42.Qc5+ Kb8 43.Qxf8+ Rxf8 44.Kxc1 Rf1+ 45.Kc2 Rf2+ 46.Kb1 Rf1+ 47.Ka2 Kc7
48.Ng6 Kd7 49.h6 Rh1 50.h7  1-0

[Event "Backa Open"]
[Site "Palanka YUG"]
[Date "2001.05.10"]
[Round "9"]
[White "Rajlich,V"]
[Black "Stojanovic,Mih"]
[Result "0-1"]
[WhiteElo "2337"]
[BlackElo "2414"]

1.e4 e6 2.d4 d5 3.Nc3 Nf6 4.e5 Nfd7 5.f4 c5 6.Nf3 a6 7.Be3 Qb6 8.Na4 Qa5+
9.c3 cxd4 10.b4 Qc7 11.Bxd4 Nc6 12.Be2 a5 13.a3 Nxd4 14.Nxd4 Be7 15.O-O O-O
16.Kh1 g6 17.g4 Nb6 18.Nxb6 Qxb6 19.g5 Bd7 20.Rf3 Rfc8 21.Rh3 Bf8 22.b5 a4
23.Qe1 Bg7 24.Rb1 Qd8 25.Rb4 Bf8 26.Qh4 h5 27.Bxh5 gxh5 28.Qxh5 Bg7 29.Qh7+ Kf8
30.Rg3 Rc5 31.h4 Rac8 32.h5 Rxc3 33.h6 Bxe5 34.fxe5 Rxg3 35.Qg7+ Ke8 36.h7 Rh3+
37.Kg2 Rxh7 38.Qg8+ Ke7 39.Qxh7 Qh8 40.Qxh8 Rxh8 41.Kg3 Rh5 42.Kg4 Rh1 43.Rxa4 Re1
44.Nf3 Bxb5 45.Rb4 Be2 46.Rxb7+ Kf8 47.a4 Rf1 48.Rb3 Rxf3 49.Rxf3 Ke7 50.Kf4 Bxf3
51.Kxf3 Kd7 52.Kg4 Kc6 53.Kh5 d4 54.Kh6 d3 55.Kg7 d2 56.Kxf7 d1=Q 57.g6 Qh5  0-1

[Event "TCh-YUG"]
[Site "Herceg Novi YUG"]
[Date "2001.05.20"]
[Round "7"]
[White "Pikula,D"]
[Black "Marinkovic,Sl"]
[Result "1/2-1/2"]
[WhiteElo "2504"]
[BlackElo "2449"]

1.e4 e6 2.d4 d5 3.Nc3 Nf6 4.e5 Nfd7 5.f4 c5 6.Nf3 Nc6 7.Be3 cxd4 8.Nxd4 Bc5
9.Qd2 O-O 10.O-O-O a6 11.h4  1/2-1/2

[Event "TCh-NED Playoffs"]
[Site "Breda NED"]
[Date "2001.05.25"]
[Round "2"]
[White "Nijboer,F"]
[Black "Sielecki,C"]
[Result "1-0"]
[WhiteElo "2580"]
[BlackElo "2410"]

1.e4 e6 2.d4 d5 3.Nc3 Nf6 4.e5 Nfd7 5.f4 c5 6.Nf3 Nc6 7.Be3 cxd4 8.Nxd4 Bc5
9.Qd2 O-O 10.O-O-O a6 11.Nb3 Bb4 12.Bd3 b5 13.g4 Bb7 14.Rhg1 Rc8 15.Rg3 Na5
16.Rh3 g6 17.Bd4 Re8 18.f5 Bf8 19.Nxa5 Qxa5 20.Qf4 Nc5 21.Bxc5 Rxc5 22.Rxh7  1-0

[Event "IX Guillermo Garcia Mem Alfil"]
[Site "Santa Clara CUB"]
[Date "2001.05.28"]
[Round "5"]
[White "Mateo,Ra"]
[Black "Nogueiras,J"]
[Result "0-1"]
[WhiteElo "2420"]
[BlackElo "2557"]

1.e4 e6 2.d4 d5 3.Nc3 Nf6 4.e5 Nfd7 5.Nce2 c5 6.c3 Nc6 7.f4 Qb6 8.Nf3 f6
9.a3 Be7 10.b4 cxd4 11.Nexd4 Nxd4 12.cxd4 O-O 13.Be3 a5 14.b5 Qd8 15.Bd3 f5
16.O-O a4 17.g4 Nb6 18.Ra2 Bd7 19.gxf5 exf5 20.Qe2 Be6 21.Ng5 Bxg5 22.fxg5 Nc4
23.Bd2 g6 24.Kh1 Rf7 25.h4 h5 26.Bb4 Qb6 27.Qf2 Kg7 28.Qf4 Qxb5 29.Rc2 Rc8
30.Be2 Rfc7 31.Rfc1 Qd7 32.Rc3 b6 33.R1c2 Kg8 34.Kg1 Qd8 35.Bd1 b5 36.Rf2 Rc6
37.Rfc2 Qb6 38.Kh2 R6c7 39.Kh1 Na5 40.Rxc7 Rxc7 41.Rxc7 Qxc7 42.Be2 Qc2 43.Bxb5 Nc4
44.Bxc4 Qxc4 45.Kg2 Qe2+ 46.Kg1 Bd7 47.Bc5 Kf7 48.Qf2 Qd1+ 49.Qf1 Qg4+ 50.Qg2 Ke6
51.Qxg4 hxg4 52.Kf2 f4 53.h5 gxh5 54.g6 Kf5 55.g7 Be6 56.Be7 Ke4 57.Bg5 h4
58.Bxh4 Kxd4 59.Bd8 Ke4 60.Bc7 d4 61.Bd6 d3 62.Bb4 g3+  0-1

[Event "FSGM June"]
[Site "Budapest HUN"]
[Date "2001.06.02"]
[Round "1"]
[White "Szieberth,A"]
[Black "Jakab,A"]
[Result "0-1"]
[WhiteElo "2389"]
[BlackElo "2363"]

1.e4 e6 2.d4 d5 3.Nc3 Nf6 4.e5 Nfd7 5.f4 c5 6.Nf3 Nc6 7.Be3 cxd4 8.Nxd4 Bc5
9.Qd2 O-O 10.O-O-O a6 11.h4 Nxd4 12.Bxd4 b5 13.h5 b4 14.Na4 Bxd4 15.Qxd4 a5
16.h6 g6 17.Kb1 Ba6 18.Bxa6 Rxa6 19.c4 bxc3 20.Qxc3 Nb6 21.Nc5 Ra7 22.Ne4 Rb7
23.Nf6+ Kh8 24.Ka1 Qb8 25.b3 a4 26.Rb1 Rc8 27.Qd3 Rbc7 28.bxa4 Qa7 29.Qd4 Rc5
30.Rb4 Nc4 31.Rc1 Qa5 32.a3 R5c6 33.Ka2 Qd8 34.Rb7 Qf8 35.Qc3 Na5 36.Qxa5 Rxc1
37.Qb4 R8c2+ 38.Kb3 Qc8 39.a5 Rb1+ 40.Ka4 Qc6+  0-1

[Event "FSFM June"]
[Site "Budapest HUN"]
[Date "2001.06.11"]
[Round "10"]
[White "Boros,De"]
[Black "Vospernik,A"]
[Result "0-1"]
[WhiteElo "2114"]
[BlackElo "2144"]

1.e4 e6 2.d4 d5 3.Nc3 Nf6 4.e5 Nfd7 5.Nce2 c5 6.c3 Nc6 7.f4 Be7 8.Nf3 O-O
9.g3 Qb6 10.a3 f6 11.Bh3 Na5 12.f5 exf5 13.dxc5 Nxc5 14.Qxd5+ Be6 15.Qd1 Bb3
16.Qd2 Ne4 17.Qe3 Bc5 18.Ned4 Nc4 19.Qe2 fxe5 20.Nxb3 Qxb3 21.Bxf5 Rxf5 22.Qxe4 Nd6
23.Qe2 Raf8 24.Rf1 e4 25.Nd2 Rxf1+ 26.Nxf1 Bf2+ 27.Qxf2 Rxf2 28.Kxf2 Nc4
29.Ne3 Nxb2 30.Rb1 Nd3+  0-1

[Event "5th Open"]
[Site "Voronezh RUS"]
[Date "2001.06.14"]
[Round "3"]
[White "Bragin,A"]
[Black "Vysochin,S"]
[Result "1/2-1/2"]
[WhiteElo "2374"]
[BlackElo "2527"]

1.e4 e6 2.d4 d5 3.Nc3 Nf6 4.e5 Nfd7 5.f4 c5 6.Nf3 Nc6 7.Be3 a6 8.Qd2 b5 9.dxc5 Bxc5
10.Bxc5 Nxc5 11.Bd3 b4 12.Ne2 Qb6 13.Ned4 Bd7 14.Qf2 Nxd4 15.Nxd4 O-O 16.O-O a5
17.Kh1 a4 18.Rad1 a3 19.b3 Rac8 20.Rfe1 Rfd8 21.Qe3 h6 22.g4 Ne4 23.Bxe4 dxe4
24.Nf5 Qxe3 25.Nxe3 Bb5 26.Rxd8+ Rxd8 27.Rd1 Rxd1+ 28.Nxd1 Be2 29.Ne3 Kf8
30.Kg2 Ke7 31.Kf2 Bf3 32.Ke1 Kd7 33.Kd2 Kc6 34.c3 Kc5 35.cxb4+ Kxb4 36.h4 Kc5
37.Kc3 Be2 38.g5 hxg5 39.hxg5 Bd3 40.b4+ Kb5 41.Kb3 g6 42.Kxa3 Bc4 43.Nd1 Bd5
44.Ne3  1/2-1/2

[Event "5th Open"]
[Site "Voronezh RUS"]
[Date "2001.06.20"]
[Round "8"]
[White "Manelis,V"]
[Black "Chuprikov,D"]
[Result "1-0"]
[WhiteElo "2217"]
[BlackElo "2426"]

1.e4 e6 2.d4 d5 3.Nc3 Nf6 4.e5 Nfd7 5.f4 c5 6.Nf3 Nc6 7.Be3 cxd4 8.Nxd4 Bc5
9.Qd2 Nxd4 10.Bxd4 O-O 11.O-O-O a6 12.Qe3 Qc7 13.Bd3 b5 14.Qh3 g6 15.Qe3 b4
16.Ne2 a5 17.h4 Ba6 18.h5 Bxd3 19.Qxd3 Rfc8 20.Kb1 a4 21.Qh3 Nf8 22.Rd3 Qe7
23.g4 Bxd4 24.Nxd4 Rc4 25.Re1 Rac8 26.f5 Qc5 27.Qe3 a3 28.Re2 exf5 29.gxf5 axb2
30.f6 b3 31.Nxb3 Qxe3 32.Rdxe3 Ne6 33.hxg6 fxg6 34.Kxb2 Kf7 35.Rd2 d4 36.Red3 Rd8
37.c3 dxc3+ 38.Rxc3 Rxd2+ 39.Nxd2 Rf4 40.Nc4 Nd4 41.Rd3 Nc6 42.Rd7+ Kg8 43.Nd6 h5
44.Rg7+ Kf8 45.Rc7  1-0

[Event "5th Open"]
[Site "Voronezh RUS"]
[Date "2001.06.20"]
[Round "8"]
[White "Lukjanenko,A"]
[Black "Provotorov,I"]
[Result "0-1"]
[WhiteElo "2442"]
[BlackElo "2289"]

1.e4 e6 2.d4 d5 3.Nc3 Nf6 4.e5 Nfd7 5.f4 c5 6.Nf3 Nc6 7.Be3 cxd4 8.Nxd4 Bc5
9.Qd2 O-O 10.O-O-O a6 11.Nce2 Na5 12.Bg1 Nc4 13.Qc3 Qb6 14.Nb3 Bxg1 15.Rxg1 f6
16.exf6 Nxf6 17.Qd4 Qxd4 18.Nexd4 Ng4 19.Bxc4 dxc4 20.Nd2 Ne3 21.Rde1 Rxf4
22.c3 e5 23.N4f3 Ng4 24.h3 Nf2 25.Nxe5 Be6 26.Re3 Rd8 27.Ndf3 Bf7 28.Nd4 Bd5
29.g3 Rf6 30.h4 b5 31.a3 Ne4 32.Rge1 Nc5 33.Kc2 Rf2+ 34.R1e2 Rdf8 35.g4 Be4+
36.Kd2 Bd3 37.Rxf2 Rxf2+ 38.Kc1 Rf1+ 39.Kd2 Ne4+ 40.Rxe4 Bxe4 41.a4 bxa4
42.Nxc4 Rg1 43.g5 Rg4 44.Nd6 Rxh4 45.c4 Rg4 46.c5 Ba8 47.Ne6 Bd5 48.Nc7 Rxg5
49.Ke3 Bc6 50.Kd4 h5 51.Ne6 Rg2 52.Nd8 Bd7 53.c6 Bxc6 54.Nxc6 h4 55.Ke3 h3
56.Kf3 Rxb2 57.Ne4 h2 58.Ng3 Rb3+  0-1

[Event "5th Open"]
[Site "Voronezh RUS"]
[Date "2001.06.20"]
[Round "8"]
[White "Bragin,A"]
[Black "Alavkin,A"]
[Result "0-1"]
[WhiteElo "2374"]
[BlackElo "2466"]

1.e4 e6 2.d4 d5 3.Nc3 Nf6 4.e5 Nfd7 5.f4 c5 6.Nf3 Nc6 7.Be3 a6 8.Qd2 b5 9.dxc5 Bxc5
10.Bxc5 Nxc5 11.Bd3 b4 12.Ne2 Qb6 13.Ned4 Nxd4 14.Nxd4 Nxd3+ 15.Qxd3 Bd7
16.O-O-O O-O 17.Kb1 f6 18.exf6 Rxf6 19.g3 Raf8 20.h4 a5 21.h5 Be8 22.Rde1 a4
23.Re5 a3 24.b3 Bf7 25.Qe3 Kh8 26.Re1 Qc7 27.Qd2 Qc5 28.R5e3 Bg8 29.c3 Rb8
30.cxb4 Rxb4 31.Nxe6 Qb6 32.Qxd5 Rxe6 33.Qxe6 Qd4  0-1